000 00644nam a2200181Ia 4500
008 151018s9999 xx 000 0 und d
082 _bRBASDV61662
_a928
100 _aनरेंद्र जाधव
245 _aयुगनिर्माता विश्व मानव
250 _b1
260 _bग्रंथाली
_c2012
300 _a349
600 _aनरेंद्र जाधव
630 _aयुगनिर्माता विश्व मानव
700 _aनरेंद्र जाधव
730 _aयुगनिर्माता विश्व मानव
942 _cBOOK
999 _c1054921
_d1054918